Adquisición de alimentos: curso de estudios

Spremljeno u:
Bibliografski detalji
Glavni autori: Ross, Lynne Nannen (Autor), McHenry, Roberta Mohr (Autor)
Format: Knjiga
Jezik:španjolski
Izdano: Buenos Aires Glem 1975
Teme:
Oznake: Dodaj oznaku
Bez oznaka, Budi prvi tko označuje ovaj zapis!

MARC

LEADER 00000nam a2200000 a 4500
001 UCR5703
003 CL-VaPUC
008 980403e19750000AG |||||||||||||||||spa|d
082 0 4 |a 641.31  |b ROS  |2 21 
100 0 |a Ross, Lynne Nannen  |e author  |9 406648 
700 0 |a McHenry, Roberta Mohr  |e author  |9 406649 
245 1 0 |a Adquisición de alimentos: curso de estudios 
300 |a 97 p 
942 |c BK 
945 |d 19980403 00:00:00  |a crobeson 
260 |a Buenos Aires  |b Glem  |c 1975 
650 7 |a MERCADOTECNIA  |2 CL-VaPUC  |9 347996 
650 7 |a ECONOMIA DOMESTICA  |2 CL-VaPUC  |9 338711 
650 7 |a SERVICIOS ALIMENTICIOS  |2 CL-VaPUC  |9 405423 
583 |a last modification  |c 19980403 00:00:00  |k Rodrigo Vera 
999 |c 268162  |d 268160 
952 |0 0  |1 0  |4 0  |6 641_310000000000000_ROS_1975  |7 0  |8 A  |9 301095  |a BIBALI  |b BIBALI  |d 2019-11-20  |i 1977598  |o 641.31 ROS 1975  |p 1977598  |r 2025-01-20  |w 2019-11-20  |y BK  |k ALI 
952 |0 0  |1 2  |4 0  |6 641_310000000000000_ROS_1975  |7 0  |8 A  |9 301096  |a BIBALI  |b BIBALI  |d 2019-11-20  |i 1977601  |o 641.31 ROS 1975  |p 1977601  |r 2019-11-20  |w 2019-11-20  |y BK  |k ALI 
952 |0 0  |1 0  |4 0  |6 641_310000000000000_ROS_1975  |7 0  |8 A  |9 301097  |a BIBALI  |b BIBALI  |d 2019-11-20  |i 197761K  |o 641.31 ROS 1975  |p 197761K  |r 2025-01-20  |w 2019-11-20  |y BK  |k ALI